| 000 | 02144cam a2200421 a 4500 | ||
|---|---|---|---|
| 001 | 16702737 | ||
| 003 | OSt | ||
| 005 | 20150408114219.0 | ||
| 008 | 110315s2012 stka f 001 0 eng | ||
| 010 | _a 2011011335 | ||
| 020 | _a9780702043611 | ||
| 035 | _a(DNLM)101556399 | ||
| 040 |
_aDNLM/DLC _cDLC _dDLC |
||
| 042 | _apcc | ||
| 050 | 0 | 0 |
_aRG110 _b.O74 2012 |
| 060 | 1 | 0 | _aWQ 39 |
| 082 | 0 | 0 |
_a618 _2OBP |
| 100 | 1 |
_aO'Reilly, Barry, _cMD. _945621 |
|
| 245 | 1 | 0 |
_aPocket essentials of obstetrics and gynaecology / _cBarry O'Reilly, Cecilia Bottomley, Janice Rymer. |
| 250 | _a2nd ed. | ||
| 260 |
_aEdinburgh : _bElsevier, _c2012. |
||
| 300 |
_ax 329 p. : _bill. ; _c19 cm. |
||
| 500 | _aIncludes index. | ||
| 500 | _aRev. ed. of: Saunders' pocket essentials of obstetrics and gynaecology, 2005. | ||
| 505 | 0 | _aGynaecology history taking -- Gynaecological examination -- Obstetric history taking -- Obstetric examination -- The menstrual cycle, menstrual disorders, infertility and the menopause -- Pelvic pain, endometriosis and minimal-access surgery -- Problems of the female genital tract -- Uterovaginal prolapsed and urinary incontinence -- Family planning and sexual health -- Bleeding in early pregnancy -- Pre-pregnancy counselling, prenatal diagnosis and antenatal care -- Physiology of pregnancy and pregnancy problems -- Multiple pregnancy, breech and abnormal presentations -- Labour -- The puerperium -- Neonatal medicine -- Emergencies and procedures. | |
| 650 | 0 |
_aGynecology _vHandbooks, manuals, etc. _916194 |
|
| 650 | 0 |
_aObstetrics _vHandbooks, manuals, etc. _916195 |
|
| 650 | 0 |
_aWomen _xDiseases _vHandbooks, manuals, etc. _945622 |
|
| 650 | 1 | 2 |
_aObstetrics _vHandbooks. _916195 |
| 650 | 2 | 2 |
_aGenital Diseases, Female _vHandbooks. _945623 |
| 650 | 2 | 2 |
_aPregnancy Complications _vHandbooks. _95520 |
| 700 | 1 |
_aBottomley, Cecilia. _945624 |
|
| 700 | 1 |
_aRymer, Janice. _945625 |
|
| 730 | 0 |
_aSaunders' pocket essentials of obstetrics and gynaecology. _945626 |
|
| 906 |
_a7 _bcbc _corignew _d1 _eecip _f20 _gy-gencatlg |
||
| 942 |
_2ddc _cBOOK |
||
| 999 |
_c35292 _d269792 |
||